biggest things in the world - Statistics

General Stats
  • This quiz has been taken 34 times
  • The average score is 2 of 11
Answer Stats
Hint Answer % Correct
#8 the universe
47%
biggest thing ever #1 louise
40%
#9 statue of liberty
20%
#10 t.rex
20%
#5 biggest thing burj khalifa
13%
#3 biggest thing elephant
13%
#4 biggest thing the moon
13%
#6 biggest thing eiffel tower
7%
#7 biggest thing the sun
7%
#2 biggest thing blue whale
0%
#11 statue of unity
0%
No matching quizzes found
Score Distribution
Percent of People with Each Score
Percentile by Number Answered
Your Score History
You have not taken this quiz